Aplicación práctica del Código penal de España de 1848 : (Record no. 98667)

MARC details
000 -LEADER
campo de control de longitud fija 00750nam a2200205 i 4500
001 - NÚMERO DE CONTROL
campo de control 98667
003 - IDENTIFICADOR DE NÚMERO DE CONTROL
campo de control ES-MaACL
005 - FECHA Y HORA DE LA ÚLTIMA TRANSACCIÓN
campo de control 20250809035218.0
007 - CAMPO FIJO DE DESCRIPCIÓN FÍSICA--INFORMACIÓN GENERAL
campo de control de longitud fija t|
008 - DATOS DE LONGITUD FIJA--INFORMACIÓN GENERAL
campo de control de longitud fija 931025s1848 sp ||||1| spa d
080 ## - NÚMERO DE LA CLASIFICACIÓN DECIMAL UNIVERSAL
Número de la Clasificación Decimal Universal 343(460)"1848"(094.4)
100 1# - ENTRADA PRINCIPAL--NOMBRE DE PERSONA
Nombre de persona Elías, José Antonio.
9 (RLIN) 46964
245 10 - MENCIÓN DEL TÍTULO
Título Aplicación práctica del Código penal de España de 1848 :
Resto del título acompañada de tablas sinópticas de los delitos y faltas, de las penas... /
Mención de responsabilidad, etc. por José Antonio Elías.
260 ## - PUBLICACIÓN, DISTRIBUCIÓN, ETC.
Lugar de publicación, distribución, etc. Barcelona :
Nombre del editor, distribuidor, etc. [s.n.],
Fecha de publicación, distribución, etc. 1848 (
Fabricante Ramón Martín Indar)
300 ## - DESCRIPCIÓN FÍSICA
Extensión 238, [14], 151 p. ;
Dimensiones 18 cm.
610 14 - PUNTO DE ACCESO ADICIONAL DE MATERIA--NOMBRE DE ENTIDAD CORPORATIVA
Nombre de entidad corporativa o nombre de jurisdicción como elemento de entrada España.
Título de la obra Código penal, 1848.
9 (RLIN) 152618
650 #4 - PUNTO DE ACCESO ADICIONAL DE MATERIA--TÉRMINO DE MATERIA
Término de materia o nombre geográfico como elemento de entrada Derecho penal-
Subdivisión geográfica España
9 (RLIN) 11752
852 4# - LOCALIZACIÓN
Ubicación ES-MaACL
Número de control de estantería D-428
Holdings
Estatus retirado Estado de pérdida Estado de daño No para préstamo Colección Biblioteca de origen Biblioteca actual Ubicación en estantería Fecha de adquisición Fuente de adquisición Total de préstamos Signatura topográfica completa Código de barras Visto por última vez Precio de reemplazo Tipo de ítem Koha
        Libros del s. XIX Biblioteca del Ateneo de Madrid Biblioteca del Ateneo de Madrid Sala Valle Inclán 17/01/2008     D-428 901103005 23/02/2023 23/02/2023 Libro impreso antiguo